000 00977nmc a2200337 a 4500
003 AR-BaBNM
005 20251128205550.0
008 108019s1991 ||||||||||||||000 | spa||
020 _a950-582-301-0
040 _cAR-BaBNM
100 1 _aOszlak, Oscar
245 1 0 _aMerecer la ciudad
_blos pobres y el derecho al espacio urbano
260 _aBuenos Aires
_bHumanitas
_bCedes
_c1991
300 0 _a303 p.
_btablas, diagr.
490 0 _aCedes-Humanistas. Estudios Cedes
500 0 _aCEDES: CENTRO DE ESTUDIOS DE ESTADO Y SOCIEDAD
504 _aBibliografía: p. 301-303
650 4 _aSOCIOLOGIA URBANA
650 4 _aPOBREZA
650 4 _aCIUDADES
650 4 _aPOBLACION URBANA
650 4 _aASENTAMIENTOS HUMANOS
650 4 _aURBANIZACION
650 4 _aZONAS URBANAS
650 4 _aMARGINALIDAD SOCIAL
651 4 _aBuenos Aires [Capital Federal]
651 4 _aCONURBANO BONAERENSE
653 0 _aVILLAS DE EMERGENCIA
942 _cBK
998 _cSILVI
999 _c11916
_d11916